| 000 | 00574cam a2200181 4500 | ||
|---|---|---|---|
| 001 | D1800 | ||
| 008 | 090401t1979 xxu||||| |||| 00| 0 eng d | ||
| 035 | _a(Sirsi) u65886 | ||
| 041 | _aeng | ||
| 050 | _a333.007 | ||
| 110 |
_aB.Sc. Estate Management Club _91679 |
||
| 245 | 2 | _aA consideration of standards following publication of the report of the Special (Review of Educational Policy) Committee of the Royal Institution of Chartered Surveyors | |
| 260 |
_aLondon _bThe Club _c1979 |
||
| 300 | _a11. 8 leaves. 30cm | ||
| 350 | _a0 | ||
| 942 | _n0 | ||
| 948 | _c04/03/1997 | ||
| 999 |
_c94797 _d94797 |
||